000
00292nam a22001097a 4500
082
_a
355.001 SOL'D
100
_a
ARMY EDUCATION PRESS
_9
46259
245
_a
SOLDIERS SPEAK SELECTED ARTICLES FROM THE PAKISTAN ARMY JOURNAL 1956-81
260
_a
RAWALPINDI
_c
1981
300
_a
590P
942
_c
BK
999
_c
581304
_d
581304